000 00806cam a2200193 4500
008 000000n2001 000 0 eng u
035 _a(Sirsi) u112110
100 _aBrewer, G.
245 _aResults after termination
260 _c2001
490 _aContract Journal
_v407(6320) 28 March 2001, 33(1)
520 _aDiscusses "Chiemgauer Membran Und Zeltbau GmbH (formerly Koch Hightex) v New Millennium Experience Company" 2000 concerning a claim for loss of profit following termination of contract.
650 _aLOSS OF PROFITS
650 _aCHIEMGAUER MEMBRAN UND ZELTBAU GMBH (KOCH) NEW MILLENNIM EXPERIENCE CO
650 _aKOCH HIGHTEX GMBH V NEW MILLENNIUM EXPERIENCE COMPANY LTD
650 _aTERMINATION OF CONTRACT
690 _aBUILT ENVIRONMENT-BUILDING CONTRACT FORMS
942 _n0
999 _c66765
_d66765